The other side of innovation: (Record no. 4239)
[ view plain ]
| 000 -LEADER | |
|---|---|
| fixed length control field | 00612nam a2200205Ia 4500 |
| 003 - CONTROL NUMBER IDENTIFIER | |
| control field | OSt |
| 005 - DATE AND TIME OF LATEST TRANSACTION | |
| control field | 20220107122747.0 |
| 008 - FIXED-LENGTH DATA ELEMENTS--GENERAL INFORMATION | |
| fixed length control field | 130318s9999 xx 000 0 und d |
| 020 ## - INTERNATIONAL STANDARD BOOK NUMBER | |
| International Standard Book Number | 9781422157381 |
| 040 ## - CATALOGING SOURCE | |
| Transcribing agency | IIITM-K |
| 082 ## - DEWEY DECIMAL CLASSIFICATION NUMBER | |
| Classification number | 658.4063 GOV/O |
| 100 ## - MAIN ENTRY--PERSONAL NAME | |
| Personal name | Govindarajan, Vijay |
| 9 (RLIN) | 5412 |
| 245 ## - TITLE STATEMENT | |
| Title | The other side of innovation: |
| Remainder of title | Solving the execution challenge |
| Statement of responsibility, etc. | by Vijay Govindarajan; Chris Trimble |
| 260 ## - PUBLICATION, DISTRIBUTION, ETC. | |
| Name of publisher, distributor, etc. | Barvard Business School, |
| Place of publication, distribution, etc. | U.S.A, |
| Date of publication, distribution, etc. | 2010. |
| 300 ## - PHYSICAL DESCRIPTION | |
| Extent | 220p. |
| 650 ## - SUBJECT ADDED ENTRY--TOPICAL TERM | |
| Topical term or geographic name entry element | MANAGEMENT |
| 9 (RLIN) | 5413 |
| 650 ## - SUBJECT ADDED ENTRY--TOPICAL TERM | |
| Topical term or geographic name entry element | INNOVATION MANAGEMENT |
| 9 (RLIN) | 5414 |
| 700 ## - ADDED ENTRY--PERSONAL NAME | |
| Personal name | Trimble, Chris |
| 9 (RLIN) | 5415 |
| 942 ## - ADDED ENTRY ELEMENTS (KOHA) | |
| Source of classification or shelving scheme | Dewey Decimal Classification |
| Koha item type | Books |
| Withdrawn status | Lost status | Source of classification or shelving scheme | Damaged status | Not for loan | Collection code | Home library | Current library | Shelving location | Date acquired | Cost, normal purchase price | Total Checkouts | Full call number | Barcode | Date last seen | Date last checked out | Price effective from | Koha item type |
|---|---|---|---|---|---|---|---|---|---|---|---|---|---|---|---|---|---|
| Dewey Decimal Classification | Business Process Engineering | Kerala University of Digital Sciences, Innovation and Technology Knowledge Centre | Kerala University of Digital Sciences, Innovation and Technology Knowledge Centre | Management | 27/05/2014 | 521.00 | 1 | 658.4063 GOV/O | 3905 | 03/12/2020 | 14/10/2014 | 27/05/2014 | Books |